[Event "57th World Juniors 2018"]
[Site "Manavgat TUR"]
[Date "2018.09.14"]
[Round "10.69"]
[White "Yilmaz, Goktan"]
[Black "Akin, Kadir"]
[Result "1-0"]
[WhiteTitle "CM"]
[WhiteElo "2237"]
[BlackElo "1974"]
[WhiteFideId "6354904"]
[BlackFideId "6348874"]
[EventDate "2018.09.05"]

1. e4 d5 2. exd5 Qxd5 3. Nc3 Qd6 4. d4 Nf6 5. Nf3 Bg4 6. h3 Bh5 7. g4 Bg6 8. Ne5
c6 9. Be3 Nbd7 10. Nxg6 hxg6 11. Qf3 e6 12. O-O-O Qc7 13. Kb1 Nb6 14. g5 Nfd5
15. Ne4 Nc8 16. c4 Nxe3 17. fxe3 Nd6 18. d5 Rh4 19. Nxd6+ Bxd6 20. Bd3 O-O-O 21.
dxc6 bxc6 22. c5 Be7 23. Qxf7 Bxg5 24. Ba6+ Kb8 25. Rxd8+ Bxd8 26. Qe8 Rh5 27.
e4 Qe7 28. Qxc6 Rxc5 29. Qa4 Bb6 30. b4 Rc7 31. Rd1 Qf8 32. a3 Qe7 33. Qb5 Ka8
34. e5 Qf8 35. Qd3 Re7 36. Rc1 Kb8 37. Qd6+ Bc7 38. Rxc7 Qf5+ 39. Rc2+ 1-0

[Event "57th World Juniors 2018"]
[Site "Manavgat TUR"]
[Date "2018.09.14"]
[Round "10.71"]
[White "Nalbant, Tuna Onat"]
[Black "Tifferet, Shaked"]
[Result "0-1"]
[WhiteTitle "FM"]
[BlackTitle "FM"]
[WhiteElo "2241"]
[BlackElo "2299"]
[WhiteFideId "6372821"]
[BlackFideId "2811529"]
[EventDate "2018.09.05"]

1. e4 e5 2. Nf3 Nc6 3. Bc4 Bc5 4. d3 Nf6 5. O-O d6 6. c3 a5 7. h3 h6 8. Re1 O-O
9. Nbd2 a4 10. Bb5 Bd7 11. Nf1 Ne7 12. Bxd7 Nxd7 13. Ng3 f5 14. d4 Bb6 15. exf5
Nxf5 16. Nxf5 Rxf5 17. Qd3 Qf8 18. Be3 Rxf3 19. gxf3 Qxf3 20. Qf1 exd4 21. cxd4
Rf8 22. Qg2 Qh5 23. Kh2 Nf6 24. Rg1 Rf7 25. Qg6 Qxg6 26. Rxg6 Kh7 27. Rgg1 Ne4
28. Rac1 d5 29. Kg2 c6 30. Rgd1 Nd6 31. Rd3 Nb5 32. f3 Rf8 33. Re1 Re8 34. Kf2
Kg6 35. Rg1+ Kf7 36. Rg4 Nd6 37. Rf4+ Kg8 38. Bd2 h5 39. Bb4 Nf7 40. Re3 Rxe3
41. Kxe3 Bd8 42. h4 g6 43. Be1 Kg7 44. Bg3 Nh6 45. Bf2 g5 46. hxg5 Bxg5 47. Bg3
Nf5+ 48. Kf2 Nxg3 49. Kxg3 Bxf4+ 50. Kxf4 Kf6 51. b3 axb3 52. axb3 b6 53. b4 b5
54. Kg3 Kg5 55. Kh3 Kf4 56. Kg2 h4 0-1

[Event "57th World Juniors 2018"]
[Site "Manavgat TUR"]
[Date "2018.09.14"]
[Round "10.72"]
[White "Cansun, Can Alp"]
[Black "Akdogan, Alperen"]
[Result "1-0"]
[BlackTitle "FM"]
[WhiteElo "2110"]
[BlackElo "2278"]
[WhiteFideId "6390188"]
[BlackFideId "6347363"]
[EventDate "2018.09.05"]

1. e4 e5 2. Nf3 d6 3. d4 exd4 4. Nxd4 Nf6 5. Nc3 Be7 6. Be2 O-O 7. O-O Re8 8. f4
Bf8 9. Bf3 c5 10. Nde2 Nc6 11. h3 a6 12. Be3 Rb8 13. Qd2 Qc7 14. g4 b5 15. Rae1
b4 16. Nd5 Nxd5 17. exd5 Na7 18. f5 Be7 19. Ng3 Bh4 20. Bg5 Bxf5 21. Bxh4 Bg6
22. Nf5 Nb5 23. Rxe8+ Rxe8 24. Re1 Rf8 25. Qf4 c4 26. Nxg7 1-0

[Event "57th World Juniors 2018"]
[Site "Manavgat TUR"]
[Date "2018.09.14"]
[Round "10.73"]
[White "Vanczak, Tamas"]
[Black "Ozturk, Efe Hakan"]
[Result "1-0"]
[WhiteTitle "FM"]
[BlackTitle "CM"]
[WhiteElo "2276"]
[BlackElo "2065"]
[WhiteFideId "759929"]
[BlackFideId "34550216"]
[EventDate "2018.09.05"]

1. e4 e6 2. b3 d5 3. Bb2 dxe4 4. Nc3 Nf6 5. Qe2 Be7 6. O-O-O O-O 7. g4 a5 8. a4
c6 9. g5 Nd5 10. Nxe4 b5 11. Qh5 bxa4 12. Bd3 Ba6 13. c4 Nd7 14. Nh3 Nb4 15. Bb1
a3 16. Bxg7 a2 17. Qh6 axb1=Q+ 18. Kxb1 Bxc4 19. bxc4 Nf6 20. d3 Ng4 21. Qh4
Kxg7 22. Nf4 Qb8 23. Nh5+ Kh8 24. Qxg4 Nxd3+ 25. Kc2 Nb4+ 26. Kd2 Rd8+ 27. Ke2
Qe5 28. Ng3 Qb2+ 29. Kf3 Rd3+ 30. Kg2 a4 31. Rb1 Qd4 32. Qh5 Rf8 33. Rxb4 Rxg3+
34. Nxg3 Bxb4 35. Rd1 Qg7 36. Rd7 a3 37. Ra7 Bc5 38. Ra5 Qd4 39. g6 Qxf2+ 40.
Kh3 fxg6 41. Qe5+ Kg8 42. Rxc5 Rf3 43. Ra5 Qf1+ 44. Kg4 Qd1 45. Qxe6+ Rf7+ 46.
Kh3 Qd2 47. Ra8+ Kg7 48. Qe5+ Kh6 49. Rxa3 Rf2 50. Qe3+ Qxe3 51. Rxe3 Rc2 52.
Re4 Rc3 53. Kg4 Rc2 54. h4 Kg7 55. Rf4 h5+ 56. Kf3 Rc3+ 57. Kf2 c5 58. Ne2 Ra3
59. Ng1 Rc3 60. Nf3 Ra3 61. Ng5 Ra6 62. Ke3 Rd6 63. Ke4 Rd4+ 64. Ke5 Rd1 65.
Ne6+ Kg8 66. Nxc5 Rg1 67. Ne4 1-0

[Event "57th World Juniors 2018"]
[Site "Manavgat TUR"]
[Date "2018.09.14"]
[Round "10.74"]
[White "Kara, Yanki"]
[Black "Ozgur, Tibet Kagan"]
[Result "1-0"]
[WhiteElo "2262"]
[BlackElo "2056"]
[WhiteFideId "6370306"]
[BlackFideId "6322832"]
[EventDate "2018.09.05"]

1. e4 c5 2. b3 g6 3. Bb2 Nf6 4. Qf3 d6 5. Bb5+ Nbd7 6. Bxf6 exf6 7. Nc3 a6 8.
Bxd7+ Bxd7 9. Nge2 Bg7 10. Qd3 Be6 11. Ng3 O-O 12. f4 b5 13. f5 Bc8 14. O-O b4
15. Nd5 a5 16. Ne2 Re8 17. Qf3 gxf5 18. exf5 Bxf5 19. Qxf5 Rxe2 20. Qd3 Re5 21.
Rf3 f5 22. Raf1 Qh4 23. Rf4 Qg5 24. Ne3 Rae8 25. Qb5 Qd8 26. Nxf5 Re1 27. Rg4
Qf6 28. Rxg7+ Kh8 29. Rg3 Qxf5 30. Qxe8+ 1-0

[Event "57th World Juniors 2018"]
[Site "Manavgat TUR"]
[Date "2018.09.14"]
[Round "10.76"]
[White "Yaran, Siar"]
[Black "Dionizio, Andre Filipe Nasciment"]
[Result "1-0"]
[WhiteTitle "CM"]
[WhiteElo "2271"]
[BlackElo "2010"]
[WhiteFideId "6323006"]
[BlackFideId "1920294"]
[EventDate "2018.09.05"]

1. d4 d5 2. e4 dxe4 3. Nc3 Nf6 4. f3 exf3 5. Nxf3 Bg4 6. Bd3 e6 7. O-O Be7 8.
Qe1 O-O 9. Qh4 Bf5 10. Bxf5 exf5 11. Bg5 h6 12. Rae1 hxg5 13. Nxg5 g6 14. Rxe7
Qxe7 15. Nd5 Qd6 16. Nxf6+ Kg7 17. Qh7+ Kxf6 18. Ne4+ Ke6 19. Nxd6 Kxd6 20. Qh4
f6 21. Qg3+ 1-0

[Event "57th World Juniors 2018"]
[Site "Manavgat TUR"]
[Date "2018.09.14"]
[Round "10.79"]
[White "Baylav, Can"]
[Black "Rajic, Ivan"]
[Result "1-0"]
[WhiteElo "2026"]
[BlackElo "2021"]
[WhiteFideId "6361293"]
[BlackFideId "14411377"]
[EventDate "2018.09.05"]

1. d4 Nf6 2. c4 c5 3. d5 b5 4. Qc2 bxc4 5. e4 g6 6. Bxc4 d6 7. Nf3 Bg7 8. O-O
O-O 9. Nc3 Nbd7 10. h3 Nb6 11. Be2 Ne8 12. Bf4 e5 13. dxe6 fxe6 14. Bg5 Bf6 15.
Bxf6 Qxf6 16. e5 dxe5 17. Ne4 Qf5 18. Nh4 Qf4 19. g3 Qf7 20. Nxc5 Nd6 21. Nf3 e4
22. Ng5 Qf5 23. Ngxe6 Rf6 24. Nf4 Qe5 25. Qc3 Qe7 26. f3 e3 27. Ne4 Rxf4 28.
gxf4 Bxh3 29. Qf6 Qxf6 30. Nxf6+ Kg7 31. Rfd1 Nf5 32. Ne4 Ne7 33. Nc3 Be6 34.
Rd6 Kf7 35. Rad1 Rc8 36. Ba6 Rc7 37. Nb5 Rc5 38. b4 Rc2 39. Rxe6 Rxa2 40. Nc7
Rc2 41. Rxe7+ Kxe7 42. Nd5+ Nxd5 43. Rxd5 Rb2 44. Re5+ Kf6 45. Re4 h5 46. Bc8
Rc2 47. Bd7 Rd2 48. Bh3 Rb2 49. Re6+ Kf7 50. Rxe3 Rxb4 51. Re4 Rb5 52. Kg2 a5
53. Kg3 Rb1 54. Re5 Ra1 55. f5 g5 56. Rb5 Ra3 57. Rb7+ Kf6 58. Rb6+ Kf7 59. Rh6
g4 60. Bg2 gxf3 61. Bxf3 a4 62. Rxh5 Ra1 63. Kf4 a3 64. Bd5+ Kg7 65. Rh2 Rf1+
66. Ke5 Re1+ 67. Be4 Ra1 68. f6+ Kf7 69. Rh7+ Kg8 70. f7+ Kf8 71. Ke6 Rf1 72.
Rh8+ Kg7 73. Rg8+ 1-0

[Event "57th World Juniors 2018"]
[Site "Manavgat TUR"]
[Date "2018.09.14"]
[Round "10.81"]
[White "Helander, Benjamin"]
[Black "Fleri, Matthew"]
[Result "1/2-1/2"]
[WhiteElo "1994"]
[BlackElo "1625"]
[WhiteFideId "514101"]
[BlackFideId "5602165"]
[EventDate "2018.09.05"]

1. e4 c5 2. Nf3 d6 3. d4 cxd4 4. Nxd4 Nf6 5. Nc3 a6 6. Bc4 e6 7. O-O Be7 8. Qf3
O-O 9. a4 Nc6 10. Nxc6 bxc6 11. e5 dxe5 12. Qxc6 Bd7 13. Qf3 Qc7 14. Qe2 Bc8 15.
Be3 Bb7 16. Rfd1 Bc5 17. Bxc5 Qxc5 18. b3 Qc6 19. f3 Qc7 20. Re1 Bd5 21. Bxd5
Nxd5 22. Nxd5 exd5 23. Qxe5 Qxc2 24. Qxd5 Rad8 25. Qc4 Qg6 26. Rad1 h6 27. a5
Rc8 28. Qe4 Qf6 29. Qe5 Qc6 30. Qd6 Qb5 31. b4 Rcd8 32. Qb6 Rxd1 33. Rxd1 Qe2
34. Qd4 Rc8 35. h3 g6 36. Qd3 Qe6 37. Qd7 Qe3+ 38. Kh1 Rc2 39. Qd8+ Kh7 40. Qd5
Qf4 41. Qb7 Rc1 1/2-1/2

[Event "57th World Juniors 2018"]
[Site "Manavgat TUR"]
[Date "2018.09.15"]
[Round "11.1"]
[White "Esipenko, Andrey"]
[Black "Maghsoodloo, Parham"]
[Result "1-0"]
[WhiteTitle "GM"]
[BlackTitle "GM"]
[WhiteElo "2593"]
[BlackElo "2649"]
[WhiteFideId "24175439"]
[BlackFideId "12539929"]
[EventDate "2018.09.05"]

1. d4 Nf6 2. Nf3 e6 3. c4 a6 4. Nc3 d5 5. cxd5 exd5 6. Qb3 b5 7. Bg5 Be6 8. Qc2
Nbd7 9. e3 c5 10. dxc5 Nxc5 11. Bd3 Rc8 12. O-O h6 13. Bh4 Be7 14. Nd4 O-O 15.
Qd1 Nfd7 16. Bxe7 Qxe7 17. Nce2 Nxd3 18. Qxd3 Ne5 19. Qd1 Bg4 20. b3 Nc6 21. Qd2
Bxe2 22. Nxe2 Rfd8 23. Rfd1 Qa3 24. h3 Rd6 25. Rac1 Rcd8 26. Nf4 d4 27. e4 Nb4
28. e5 Rc6 29. Rxc6 Nxc6 30. Nd3 Ne7 31. Nf4 Nc6 32. e6 fxe6 33. Nxe6 Re8 34.
Nf4 Qd6 35. Nd3 a5 36. Qc1 Re2 37. a4 bxa4 38. bxa4 Kh8 39. Qc4 Qf6 40. Kf1 Re6
41. Rb1 Qf5 42. Qb5 Qf6 43. Rd1 Qf8 44. Rc1 Qa3 45. Kg1 Ne7 46. Rc7 Kh7 47. Rd7
Qc3 48. Qb1 Ng6 49. h4 h5 50. Rd5 Kh6 51. Qd1 Kh7 52. Rc5 Qa3 53. Qxh5+ Kg8 54.
Qd5 Kf7 55. Rc7+ Ne7 56. Nf4 1-0

[Event "57th World Juniors 2018"]
[Site "Manavgat TUR"]
[Date "2018.09.15"]
[Round "11.2"]
[White "Hakobyan, Aram"]
[Black "Puranik, Abhimanyu"]
[Result "0-1"]
[WhiteTitle "GM"]
[BlackTitle "GM"]
[WhiteElo "2554"]
[BlackElo "2524"]
[WhiteFideId "13306677"]
[BlackFideId "5061245"]
[EventDate "2018.09.05"]

1. e4 e5 2. Nf3 Nc6 3. Bc4 Bc5 4. c3 Nf6 5. d3 d6 6. O-O O-O 7. a4 a5 8. Na3 h6
9. Nc2 Ne7 10. Be3 Ng6 11. Re1 c6 12. Bxc5 dxc5 13. d4 cxd4 14. cxd4 Qc7 15.
dxe5 Nxe5 16. Nxe5 Qxe5 17. Qd4 Ng4 18. Qxe5 Nxe5 19. Ne3 Be6 20. Bxe6 fxe6 21.
Red1 g5 22. Rd6 Kf7 23. Rad1 Ke7 24. f3 Rfd8 25. Rxd8 Rxd8 26. Rxd8 Kxd8 27. Kf1
Ke7 28. Ke2 Kd6 29. g3 Kc5 30. f4 gxf4 31. gxf4 Nf7 32. Kd3 b5 33. e5 h5 34. Nc2
bxa4 35. Nd4 Kd5 36. Ne2 Nh6 37. Ng3 h4 38. Ne4 Nf5 39. Nf6+ Kc5 40. Kc3 Ne3 41.
Ne4+ Kb6 42. Ng5 Nd5+ 43. Kd3 Nxf4+ 44. Ke4 Ng6 45. Nxe6 Kb5 46. Nd4+ Kc5 47. e6
Kd6 48. Kf5 Nf8 49. Kf6 Nh7+ 50. Kg6 Nf8+ 51. Kf7 Nxe6 52. Nxe6 c5 53. Kf6 Kd5
54. Kf5 c4 55. Nf4+ Kd4 56. Kg4 Ke3 57. Nd5+ Kd3 58. Kxh4 Kc2 59. Ne3+ Kxb2 60.
Nxc4+ Kc3 61. Na3 Kb3 62. Nb5 a3 63. Nxa3 Kxa3 64. Kg5 a4 65. h4 Kb4 0-1

[Event "57th World Juniors 2018"]
[Site "Manavgat TUR"]
[Date "2018.09.15"]
[Round "11.3"]
[White "Lobanov, Sergei"]
[Black "Christiansen, Johan-Sebastian"]
[Result "1-0"]
[WhiteTitle "IM"]
[BlackTitle "IM"]
[WhiteElo "2535"]
[BlackElo "2525"]
[WhiteFideId "24183750"]
[BlackFideId "1512668"]
[EventDate "2018.09.05"]

1. e4 e6 2. d4 d5 3. Nc3 Nf6 4. e5 Nfd7 5. f4 c5 6. Nf3 Nc6 7. Be3 Be7 8. Qd2 a6
9. dxc5 Nxc5 10. O-O-O Qa5 11. Kb1 b5 12. Nd4 Bb7 13. h4 Rc8 14. h5 Qc7 15. Nxc6
Bxc6 16. Ne2 Ne4 17. Qe1 Bb7 18. Nd4 Bc5 19. Bd3 O-O 20. Nf3 Qb6 21. Bxc5 Qxc5
22. h6 g6 23. Qh4 f5 24. exf6 d4 25. Ne5 Nxf6 26. Bxg6 Qe7 27. Bd3 Kh8 28. Rhg1
Qc7 29. g3 Nd5 30. Rd2 Qa5 31. Re2 Rc7 32. f5 Qb4 33. a3 Nc3+ 34. Ka1 Qd6 35.
Ng6+ hxg6 36. fxg6 Kg8 37. g7 Nxe2 38. Qg5 Nxg1 39. h7+ Kf7 40. g8=Q+ Ke8 41.
h8=Q 1-0

[Event "57th World Juniors 2018"]
[Site "Manavgat TUR"]
[Date "2018.09.15"]
[Round "11.4"]
[White "Bai, Jinshi"]
[Black "Martirosyan, Haik M."]
[Result "1/2-1/2"]
[WhiteTitle "GM"]
[BlackTitle "GM"]
[WhiteElo "2556"]
[BlackElo "2597"]
[WhiteFideId "8602280"]
[BlackFideId "13306553"]
[EventDate "2018.09.05"]

1. Nf3 Nf6 2. g3 d5 3. Bg2 c6 4. O-O Bg4 5. c4 e6 6. cxd5 Bxf3 7. Bxf3 cxd5 8.
d4 Nc6 9. e3 Be7 10. Nc3 O-O 11. Qe2 Rc8 12. Bd2 Na5 13. Rfc1 Nc4 14. Be1 Qd7
15. Rc2 Nd6 16. Rac1 Rc7 17. Ne4 Rxc2 18. Nxf6+ Bxf6 19. Rxc2 Rc8 20. Rxc8+ Qxc8
21. Bb4 Be7 22. Bc5 b6 23. Bxd6 Bxd6 24. Kg2 g6 25. Qd2 Kg7 26. h4 h5 27. Be2
Be7 28. Qc3 Qxc3 29. bxc3 Bd6 30. c4 dxc4 31. Bxc4 e5 32. a4 exd4 33. exd4 f5 1/2-1/2

[Event "57th World Juniors 2018"]
[Site "Manavgat TUR"]
[Date "2018.09.15"]
[Round "11.6"]
[White "Vavulin, Maksim"]
[Black "Tabatabaei, M.amin"]
[Result "0-1"]
[WhiteTitle "IM"]
[BlackTitle "GM"]
[WhiteElo "2559"]
[BlackElo "2576"]
[WhiteFideId "4169530"]
[BlackFideId "12521213"]
[EventDate "2018.09.05"]

1. e4 c5 2. Nf3 Nc6 3. Bb5 g6 4. O-O Bg7 5. Re1 e5 6. c3 Nge7 7. a3 a6 8. Bf1
O-O 9. b4 d6 10. Bb2 f5 11. d3 h6 12. Nbd2 b5 13. c4 cxb4 14. axb4 Rb8 15. cxb5
axb5 16. Qb3+ Kh8 17. d4 exd4 18. exf5 Nxf5 19. Rac1 Bd7 20. h3 Qb6 21. Bd3 Rbc8
22. Rcd1 Ra8 23. Ra1 Ra4 24. Rab1 Rxb4 25. Qd5 Qc5 26. Be4 Qxd5 27. Bxd5 Ne5 28.
Ba3 Rxb1 29. Rxb1 Nxf3+ 30. Nxf3 Rc8 31. Re1 Re8 32. Rd1 Kh7 33. Rd2 Bf6 34. g4
Ne7 35. Bb3 b4 36. Bb2 Nc6 37. Bd5 Rb8 38. Kg2 b3 39. Kg3 Ne7 40. Bc4 Rb4 41.
Bd3 Nd5 42. h4 Kg7 43. Re2 Nc3 44. Re1 Bb5 45. g5 hxg5 46. hxg5 Be5+ 47. Nxe5
dxe5 48. Bxb5 Rxb5 49. Ra1 Kf7 50. Ra6 Nd1 51. Rf6+ Kg7 52. Ba3 b2 53. Bf8+ Kh7
54. Bh6 Rb7 0-1

[Event "57th World Juniors 2018"]
[Site "Manavgat TUR"]
[Date "2018.09.15"]
[Round "11.7"]
[White "Donchenko, Alexander"]
[Black "Pichot, Alan"]
[Result "1-0"]
[WhiteTitle "GM"]
[BlackTitle "GM"]
[WhiteElo "2614"]
[BlackElo "2562"]
[WhiteFideId "24603295"]
[BlackFideId "110973"]
[EventDate "2018.09.05"]

1. d4 Nf6 2. c4 e6 3. Nf3 d5 4. g3 Be7 5. Bg2 O-O 6. O-O dxc4 7. Ne5 Nc6 8. Bxc6
bxc6 9. Nxc6 Qe8 10. Nxe7+ Qxe7 11. Na3 Rd8 12. Qc2 c5 13. dxc5 Qxc5 14. Be3 Qh5
15. f3 Ba6 16. Qa4 Qe5 17. Bf2 Bb7 18. Qc2 Ba6 19. Rfe1 Rac8 20. Qa4 Rd6 21.
Rad1 c3 22. Bd4 Qg5 23. Bxf6 Rxd1 24. Bxg5 Rxe1+ 25. Kg2 Rxe2+ 26. Kh3 Bb7 27.
Qd7 Rxb2 28. Bc1 Rb4 29. Nc2 Rb1 30. Ba3 Ba6 31. Nb4 Bf1+ 32. Kh4 Rc4+ 33. g4 h6
34. Nc6 Kh7 35. Qxf7 Rf4 36. Qxe6 Bc4 37. Qe3 c2 38. Kg3 g5 39. Ne5 1-0

[Event "57th World Juniors 2018"]
[Site "Manavgat TUR"]
[Date "2018.09.15"]
[Round "11.8"]
[White "Van Foreest, Jorden"]
[Black "Gavrilescu, David"]
[Result "1-0"]
[WhiteTitle "GM"]
[BlackTitle "FM"]
[WhiteElo "2624"]
[BlackElo "2470"]
[WhiteFideId "1039784"]
[BlackFideId "1227190"]
[EventDate "2018.09.05"]

1. e4 e6 2. d4 d5 3. Nc3 Nf6 4. Bg5 dxe4 5. Nxe4 Be7 6. Bxf6 gxf6 7. Bc4 f5 8.
Ng3 Nd7 9. Nf3 a6 10. a4 Nf6 11. Qe2 Qd6 12. O-O b6 13. Rad1 O-O 14. Rfe1 Re8
15. Ne5 Bf8 16. Nxf5 exf5 17. Bxf7+ Kg7 18. Bxe8 Nxe8 19. Qf3 c6 20. Qg3+ Kf6
21. Qh4+ Kg7 22. Qg5+ 1-0

[Event "57th World Juniors 2018"]
[Site "Manavgat TUR"]
[Date "2018.09.15"]
[Round "11.9"]
[White "Karthikeyan, Murali"]
[Black "Lodici, Lorenzo"]
[Result "1-0"]
[WhiteTitle "GM"]
[BlackTitle "IM"]
[WhiteElo "2605"]
[BlackElo "2458"]
[WhiteFideId "5074452"]
[BlackFideId "884189"]
[EventDate "2018.09.05"]

1. Nf3 d5 2. g3 Nf6 3. Bg2 e6 4. O-O Be7 5. d3 O-O 6. Nbd2 a5 7. e4 a4 8. e5
Nfd7 9. a3 f6 10. exf6 Bxf6 11. Re1 Nc6 12. Nf1 e5 13. Rb1 Nc5 14. Be3 Ne6 15.
h4 Ra6 16. N1h2 h5 17. Bd2 g6 18. c4 dxc4 19. dxc4 Nc5 20. Bh6 Qxd1 21. Rbxd1
Re8 22. Ng5 Bf5 23. Bd5+ Kh8 24. Nhf3 e4 25. Nf7+ Kh7 26. N3g5+ Bxg5 27. Bxg5
Bg4 28. Be3 Bxd1 29. Rxd1 Nb3 30. Ng5+ Kg7 31. Ne6+ Rxe6 32. Bxe6 Ne5 33. Bc8
Rd6 34. Rxd6 cxd6 35. Bxb7 Nxc4 36. Bd5 Nbd2 37. Bxd2 Nxd2 38. Bc6 Kf6 39. Bxa4
d5 40. Bc6 d4 41. a4 d3 42. a5 Nb3 43. Bxe4 d2 44. Bc2 Nxa5 45. Kf1 Nc4 46. b3
Na3 47. Bd1 1-0

[Event "57th World Juniors 2018"]
[Site "Manavgat TUR"]
[Date "2018.09.15"]
[Round "11.10"]
[White "Yakubboev, Nodirbek"]
[Black "Petrosyan, Manuel"]
[Result "1-0"]
[WhiteTitle "IM"]
[BlackTitle "GM"]
[WhiteElo "2521"]
[BlackElo "2581"]
[WhiteFideId "14203987"]
[BlackFideId "13300857"]
[EventDate "2018.09.05"]

1. d4 Nf6 2. c4 e6 3. Nc3 Bb4 4. Qc2 O-O 5. Bg5 h6 6. Bh4 b6 7. e4 d6 8. Bd3 e5
9. Ne2 Nbd7 10. O-O Bxc3 11. bxc3 g5 12. Bg3 c5 13. f4 Nh5 14. fxe5 dxe5 15. d5
Nf4 16. Qd2 Qe7 17. Rf3 Nxe2+ 18. Bxe2 Nf6 19. Qe3 Ne8 20. Raf1 f6 21. R3f2 Bd7
22. h4 Ng7 23. Bd1 Be8 24. a4 a5 25. Rb2 Rb8 26. Bf2 Bg6 27. Bc2 Ne8 28. Rfb1
Nd6 29. Rxb6 Rxb6 30. Rxb6 Nxc4 31. d6 Qd8 32. Qxc5 Nxb6 33. Qxb6 Qd7 34. c4
gxh4 35. c5 h3 36. Qb3+ Kh7 37. Qxh3 Qc6 38. Qd3 Rb8 39. Qc4 Kg7 40. Qe6 Bf7 41.
Qg4+ Bg6 42. Kh2 h5 43. Qf3 Qd7 44. Qc3 Bf7 45. Qxa5 h4 46. Qd2 h3 47. gxh3 Be6
48. Qc3 Kf7 49. Bd1 Rh8 50. h4 Qc6 51. Qb4 Rg8 52. Bh5+ Kg7 53. Be2 Qe8 54. h5
Kh8 55. Qd2 Kh7 56. Qd1 Qd7 57. Bh4 Qb7 58. Bxf6 Qb2 59. d7 Qc3 60. Bf3 Bb3 61.
d8=Q Bxd1 62. Qxd1 Qe3 63. Bxe5 Qf2+ 64. Kh3 Rd8 65. Qxd8 Qxf3+ 66. Bg3 Qh1+ 67.
Kg4 Qxe4+ 68. Bf4 Qe2+ 69. Kf5 Qxh5+ 70. Qg5 Qh3+ 71. Kf6 Qc3+ 72. Qe5 1-0

[Event "57th World Juniors 2018"]
[Site "Manavgat TUR"]
[Date "2018.09.15"]
[Round "11.11"]
[White "Aravindh, Chithambaram VR."]
[Black "Barseghyan, Harutyun"]
[Result "1-0"]
[WhiteTitle "GM"]
[BlackTitle "IM"]
[WhiteElo "2578"]
[BlackElo "2466"]
[WhiteFideId "5072786"]
[BlackFideId "13304585"]
[EventDate "2018.09.05"]

1. e4 e5 2. Nf3 Nc6 3. Bb5 a6 4. Ba4 Nf6 5. d3 b5 6. Bb3 Be7 7. a4 b4 8. Nbd2 d6
9. a5 O-O 10. O-O Rb8 11. Nc4 Na7 12. Bg5 Nb5 13. h3 Be6 14. Nfd2 Nd7 15. Bxe7
Qxe7 16. Ne3 c6 17. Re1 Nc5 18. Bc4 Qd7 19. Bxe6 fxe6 20. Ndc4 Qf7 21. Qd2 Nd7
22. Nb6 c5 23. Nec4 Qe7 24. c3 bxc3 25. bxc3 Nf6 26. Na3 Nxa3 27. Rxa3 Nh5 28.
Re3 Nf4 29. Ra2 d5 30. Kh2 Rbd8 31. g3 Ng6 32. exd5 exd5 33. Qe2 Qf6 34. c4 dxc4
35. Nxc4 Rd5 36. Rb2 Qf5 37. h4 h5 38. Re4 Rd4 39. Kg2 Rfd8 40. Rxd4 Rxd4 41.
Rb8+ Kh7 42. Ne3 Nxh4+ 43. gxh4 Qg6+ 44. Kf1 Rxh4 45. Ke1 Ra4 46. Rb6 Qg5 47.
Qf3 h4 48. Rxa6 Ra1+ 49. Kd2 Ra2+ 50. Kc3 Ra3+ 51. Kc2 Ra4 52. Nc4 Ra1 53. Qe4+
g6 54. Ne3 Rg1 55. Ra7+ Kh6 56. Rf7 c4 57. Qa8 cxd3+ 58. Kd2 Qh5 59. Qh8+ Kg5
60. Qxe5+ Kh6 61. Qh8+ Kg5 62. f4# 1-0

[Event "57th World Juniors 2018"]
[Site "Manavgat TUR"]
[Date "2018.09.15"]
[Round "11.12"]
[White "Harsha, Bharathakoti"]
[Black "Liang, Awonder"]
[Result "1-0"]
[WhiteTitle "IM"]
[BlackTitle "GM"]
[WhiteElo "2474"]
[BlackElo "2575"]
[WhiteFideId "5078776"]
[BlackFideId "2056437"]
[EventDate "2018.09.05"]

1. e4 e5 2. Nf3 Nc6 3. Bc4 Bc5 4. c3 Nf6 5. d4 exd4 6. e5 d5 7. Bb5 Ne4 8. cxd4
Bb6 9. Nc3 O-O 10. Be3 Bg4 11. h3 Bh5 12. Qc2 Bg6 13. Qb3 Ne7 14. O-O c6 15. Bd3
Nd2 16. Nxd2 Bxd3 17. Rfe1 Bg6 18. Na4 Nf5 19. Nxb6 axb6 20. a4 f6 21. exf6 Qxf6
22. Nf3 Nxe3 23. Qxe3 Qf4 24. Ne5 Qxe3 25. Rxe3 Rf4 26. Rb3 b5 27. Rb4 Be8 28.
Nd3 Rf7 29. Ra3 Rxa4 30. Raxa4 bxa4 31. Rxa4 Re7 32. Ra8 Re4 33. f3 Re3 34. Nc5
b6 35. Kf2 Re7 36. Nd3 Kf7 37. Rb8 c5 38. dxc5 Bb5 39. Nf4 Bc4 40. cxb6 g5 41.
b7 1-0

[Event "57th World Juniors 2018"]
[Site "Manavgat TUR"]
[Date "2018.09.15"]
[Round "11.13"]
[White "Lomasov, Semyon"]
[Black "Zou, Chen"]
[Result "1-0"]
[WhiteTitle "IM"]
[BlackTitle "FM"]
[WhiteElo "2545"]
[BlackElo "2365"]
[WhiteFideId "24164879"]
[BlackFideId "8610959"]
[EventDate "2018.09.05"]

1. e4 c5 2. Nf3 d6 3. Nc3 Nf6 4. e5 dxe5 5. Nxe5 e6 6. Bb5+ Nbd7 7. d4 cxd4 8.
Qxd4 Be7 9. Bf4 O-O 10. O-O-O Nxe5 11. Qxe5 Qa5 12. Be2 Bb4 13. Qxa5 Bxa5 14.
Be5 Ne8 15. Rhe1 f6 16. Bd4 Nc7 17. Bc5 Bxc3 18. bxc3 Re8 19. f4 Kf7 20. Kb2 Nd5
21. Bb5 Rh8 22. f5 Nc7 23. Bc4 b5 24. fxe6+ Nxe6 25. Bd5 a6 26. Bb6 Rb8 27. Ba7
Rb7 28. Bxb7 Bxb7 29. Rd7+ 1-0

[Event "57th World Juniors 2018"]
[Site "Manavgat TUR"]
[Date "2018.09.15"]
[Round "11.14"]
[White "Karthik, Venkataraman"]
[Black "Kollars, Dmitrij"]
[Result "1/2-1/2"]
[WhiteTitle "IM"]
[BlackTitle "GM"]
[WhiteElo "2519"]
[BlackElo "2536"]
[WhiteFideId "25006479"]
[BlackFideId "12909572"]
[EventDate "2018.09.05"]

1. e4 e5 2. Nf3 Nc6 3. Bb5 a6 4. Ba4 Nf6 5. O-O Bc5 6. c3 b5 7. Bb3 d6 8. d4 Bb6
9. a4 Bg4 10. Bg5 Rb8 11. axb5 axb5 12. Bd5 Ne7 13. dxe5 Nfxd5 14. exd6 Qxd6 15.
exd5 Qxd5 16. Qxd5 Nxd5 17. Re1+ Be6 18. Na3 h6 19. Bd2 c6 20. Ne5 Ne7 21. Bf4
Rc8 22. Be3 Bxe3 23. Rxe3 O-O 24. Nxf7 Bxf7 25. Rxe7 Rfe8 26. Rxe8+ Rxe8 27. Kf1
c5 28. b4 cxb4 29. cxb4 Re4 30. Rb1 Ba2 31. f3 Re3 32. Nc2 Rxf3+ 33. gxf3 Bxb1
34. Na3 Bd3+ 35. Kf2 g5 36. Ke3 Bf1 37. Nb1 Kf7 38. Nd2 Bh3 39. Kd4 Kf6 40. Kc5
Bd7 41. Kd6 Be8 42. Ne4+ Kf5 43. Kc5 Bd7 44. Kd6 Be8 45. Kc5 Ke5 1/2-1/2